| 000 | 00413nam a2200169Ia 4500 | ||
|---|---|---|---|
| 003 | GCL | ||
| 008 | 140319s9999 xx 000 0 eng d | ||
| 040 |
_aGCL / _cGCL |
||
| 082 | 0 | 4 |
_a666.3 _bS P |
| 100 | 1 | _aSEKERS, DAVID | |
| 245 | 1 | 0 |
_aTHE POTTERIES / _cSEKERS, DAVID |
| 260 |
_a[S.N] : _bSHIRE ALBUM LTD ، _c1990 |
||
| 300 | _a32 P | ||
| 650 | 0 | 4 | _aPOTTERY |
| 650 | 0 | 4 | _aPOTTERY TECHNOLOGY |
| 942 |
_2ddc _cBK |
||
| 999 |
_c11933 _d11933 |
||